[Event "23rd OIBM 2019"]
[Site "Gmund am Tegernsee"]
[Date "2019.10.26"]
[Round "1.29"]
[White "Teuschler, Hugo"]
[Black "Womacka, Mathias"]
[Result "0-1"]
[WhiteElo "2116"]
[BlackElo "2436"]
[Annotator "NA"]
[PlyCount "68"]
[EventDate "2019.10.17"]
[EventType "swiss"]
[EventCountry "GER"]
[SourceTitle "playchess.com"]
[Source "ChessBase"]
[SourceQuality "1"]
[TimeControl "40/5400+30:1800+30"]

1. e4 {[%emt 0:00:00]} c5 {[%emt 0:00:00]} 2. Nf3 {[%emt 0:00:00]} d6 {[%emt 0:00:00]} 3. d4 {[%emt 0:00:00]} cxd4 {[%emt 0:00:00]} 4. Nxd4 {[%emt 0:00:00]} Nf6 {[%emt 0:00:00]} 5. Nc3 {[%emt 0:00:00]} a6 {[%emt 0:00:00]} 6. Bg5 {[%emt 0:00:36]} e6 {[%emt 0:00:10]} 7. f4 {[%emt 0:00:10]} h6 {[%emt 0:00:21]} 8. Bh4 {[%emt 0:00:05]} Qb6 {[%emt 0:00:11]} 9. a3 {[%emt 0:03:38]} Nbd7 {[%emt 0:00:25]} 10. Bc4 {[%emt 0:02:29]} e5 {[%emt 0:01:24]} 11. fxe5 {[%emt 0:00:19]} dxe5 {[%emt 0:00:06]} 12. Nf5 {[%emt 0:00:28]} g6 {[%emt 0:00:40]} 13. Nd5 {[%emt 0:00:13]} Nxd5 {[%emt 0:00:13]} 14. Qxd5 {[%emt 0:00:06]} Rh7 {[%emt 0:00:37]} 15. O-O-O {[%emt 0:01:02]} gxf5 {[%emt 0:03:09]} 16. exf5 {[%emt 0:00:08]} Be7 {[%emt 0:01:49]} 17. Bxe7 {[%emt 0:00:08]} Kxe7 {[%emt 0:00:05]} 18. Rhf1 {[%emt 0:01:59]} Kf8 {[%emt 0:01:28]} 19. f6 {[%emt 0:00:08]} Nxf6 {[%emt 0:01:17]} 20. Qxe5 {[%emt 0:15:44]} Ng4 {[%emt 0:02:30]} 21. Rxf7+ {[%emt 0:11:05]} Rxf7 {[%emt 0:00:52]} 22. Qh8+ {[%emt 0:00:07]} Ke7 {[%emt 0:00:09]} 23. Bxf7 {[%emt 0:04:55]} Kxf7 {[%emt 0:16:51]} 24. Qh7+ {[%emt 0:07:55]} Kf6 {[%emt 0:23:50]} 25. Rf1+ {[%emt 0:34:38]} Kg5 {[%emt 0:01:03]} 26. Qe7+ {[%emt 0:06:37]} Kh5 {[%emt 0:02:18]} 27. Qf7+ {[%emt 0:02:49]} Qg6 {[%emt 0:00:28]} 28. Qf3 {[%emt 0:00:11]} Be6 {[%emt 0:05:36]} 29. h3 {[%emt 0:00:31]} Rc8 {[%emt 0:01:36]} 30. hxg4+ {[%emt 0:00:59]} Qxg4 {[%emt 0:00:25]} 31. Rh1+ {[%emt 0:03:26]} Kg6 {[%emt 0:00:26]} 32. Qxb7 {[%emt 0:01:17]} Qe2 {[%emt 0:09:02]} 33. c3 {[%emt 0:00:58]} Rf8 {[%emt 0:00:17]} 34. Qb6 {[%emt 0:02:09]} Rf2 {[%emt 0:01:15]} 0-1

[Event "23rd OIBM 2019"]
[Site "Gmund am Tegernsee"]
[Date "2019.10.26"]
[Round "1.30"]
[White "Bellia, Fabrizio"]
[Black "Schatz, Dieter"]
[Result "1-0"]
[WhiteElo "2433"]
[BlackElo "2113"]
[Annotator "NA"]
[PlyCount "71"]
[EventDate "2019.10.17"]
[EventType "swiss"]
[EventCountry "GER"]
[SourceTitle "playchess.com"]
[Source "ChessBase"]
[SourceQuality "1"]
[TimeControl "40/5400+30:1800+30"]

1. e4 {[%emt 0:00:00]} e6 {[%emt 0:00:00]} 2. d4 {[%emt 0:00:00]} d5 {[%emt 0:00:00]} 3. Nc3 {[%emt 0:00:00]} Bb4 {[%emt 0:00:00]} 4. e5 {[%emt 0:00:02]} c5 {[%emt 0:00:03]} 5. a3 {[%emt 0:00:05]} Bxc3+ {[%emt 0:00:06]} 6. bxc3 {[%emt 0:00:04]} Ne7 {[%emt 0:00:06]} 7. h4 {[%emt 0:01:56]} Qa5 {[%emt 0:02:59]} 8. Bd2 {[%emt 0:00:26]} Qa4 {[%emt 0:02:53]} 9. Nf3 {[%emt 0:04:58]} c4 {[%emt 0:02:16]} 10. h5 {[%emt 0:00:53]} h6 {[%emt 0:01:49]} 11. Nh4 {[%emt 0:06:22]} Nbc6 {[%emt 0:04:08]} 12. g3 {[%emt 0:03:52]} Bd7 {[%emt 0:01:17]} 13. Bh3 {[%emt 0:00:31]} O-O-O {[%emt 0:00:24]} 14. O-O {[%emt 0:00:27]} Rdg8 {[%emt 0:07:07]} 15. Ng2 {[%emt 0:01:54]} g5 {[%emt 0:20:01]} 16. Ne3 {[%emt 0:00:44]} Nb8 {[%emt 0:04:21]} 17. Ng4 {[%emt 0:05:22]} Bc6 {[%emt 0:02:40]} 18. Nf6 {[%emt 0:00:46]} Rf8 {[%emt 0:01:20]} 19. f4 {[%emt 0:00:43]} gxf4 {[%emt 0:00:53]} 20. Bxf4 {[%emt 0:01:05]} Nd7 {[%emt 0:02:43]} 21. Qd2 {[%emt 0:00:48]} Ng8 {[%emt 0:05:56]} 22. Ng4 {[%emt 0:07:44]} f5 {[%emt 0:05:21]} 23. exf6 {[%emt 0:01:52]} Ngxf6 {[%emt 0:04:55]} 24. Nxf6 {[%emt 0:00:23]} Rxf6 {[%emt 0:00:10]} 25. Bd6 {[%emt 0:00:27]} b6 {[%emt 0:08:18]} 26. Be7 {[%emt 0:07:40]} Rxf1+ {[%emt 0:03:42]} 27. Rxf1 {[%emt 0:00:08]} Re8 {[%emt 0:02:04]} 28. Rf7 {[%emt 0:00:38]} Kb7 {[%emt 0:00:26]} 29. Bxe6 {[%emt 0:00:55]} Ka6 {[%emt 0:00:14]} 30. Bf5 {[%emt 0:01:24]} Qb5 {[%emt 0:04:24]} 31. Bb4 {[%emt 0:06:43]} Nc5 {[%emt 0:02:52]} 32. dxc5 {[%emt 0:00:07]} bxc5 {[%emt 0:00:05]} 33. Qf2 {[%emt 0:00:27]} d4 {[%emt 0:01:33]} 34. cxd4 {[%emt 0:07:19]} cxb4 {[%emt 0:00:18]} 35. d5 {[%emt 0:00:08]} Bb7 {[%emt 0:00:08]} 36. Rf6+ {[%emt 0:00:18]} 1-0

[Event "23rd OIBM 2019"]
[Site "Gmund am Tegernsee"]
[Date "2019.10.26"]
[Round "1.31"]
[White "Yugina, Maria"]
[Black "Smith, Bryan"]
[Result "0-1"]
[WhiteElo "2112"]
[BlackElo "2430"]
[Annotator "NA RC"]
[PlyCount "90"]
[EventDate "2019.10.17"]
[EventType "swiss"]
[EventCountry "GER"]
[SourceTitle "playchess.com"]
[Source "ChessBase"]
[SourceQuality "1"]
[TimeControl "40/5400+30:1800+30"]

1. f4 {[%emt 0:00:00]} c5 {[%emt 0:03:46]} 2. Nf3 {[%emt 0:00:00]} g6 {[%emt 0:00:19]} 3. g3 Bg7 {[%emt 0:00:07]} 4. Bg2 {[%emt 0:00:33]} d5 {[%emt 0:00:50]} 5. O-O {[%emt 0:00:41]} Nh6 {[%emt 0:00:27]} 6. d3 {[%emt 0:00:53]} d4 {[%emt 0:00:38]} 7. Qe1 {[%emt 0:03:53]} Nc6 {[%emt 0:02:13]} 8. e4 {[%emt 0:09:57]} dxe3 {[%emt 0:01:10]} 9. Qxe3 {[%emt 0:03:25]} Nd4 {[%emt 0:05:35]} 10. Na3 {[%emt 0:13:35]} Nhf5 {[%emt 0:08:30]} 11. Qe1 {[%emt 0:01:52]} Nxf3+ {[%emt 0:04:20]} 12. Rxf3 {[%emt 0:01:32]} h5 {[%emt 0:02:22]} 13. Nc4 {[%emt 0:16:32]} h4 {[%emt 0:07:33]} 14. Ne5 {[%emt 0:04:30]} hxg3 {[%emt 0:04:40]} 15. hxg3 {[%emt 0:04:23]} Be6 {[%emt 0:03:55]} 16. Nxg6 {[%emt 0:11:22]} Bd4+ {[%emt 0:04:11]} 17. Kf1 {[%emt 0:00:37]} Rg8 {[%emt 0:02:00]} 18. Nh4 {[%emt 0:04:34]} Nxh4 {[%emt 0:00:41]} 19. gxh4 {[%emt 0:00:12]} Qd7 {[%emt 0:01:47]} 20. Rg3 {[%emt 0:06:15]} O-O-O {[%emt 0:00:59]} 21. Be3 {[%emt 0:04:08]} Bd5 {[%emt 0:05:36]} 22. Bxd4 {[%emt 0:02:38]} cxd4 {[%emt 0:02:23]} 23. Bh3 {[%emt 0:02:10]} e6 {[%emt 0:01:30]} 24. Qf2 {[%emt 0:00:55]} Qe7 {[%emt 0:03:12]} 25. Rg5 {[%emt 0:00:35]} Kb8 {[%emt 0:01:07]} 26. Re1 {[%emt 0:01:26]} Qb4 {[%emt 0:06:11]} 27. b3 {[%emt 0:00:41]} Qd6 {[%emt 0:00:36]} 28. Qg3 {[%emt 0:01:22]} Rxg5 {[%emt 0:01:58]} 29. Qxg5 {[%emt 0:00:07]} Ka8 {[%emt 0:03:03]} 30. h5 {[%emt 0:00:35]} f6 {[%emt 0:00:48]} 31. Qh4 {[%emt 0:02:06]} a6 {[%emt 0:00:17]} 32. Re2 {[%emt 0:00:13]} e5 {[%emt 0:03:01]} 33. f5 {[%emt 0:02:37]} Qc6 {[%emt 0:02:22]} 34. Bg2 {[%emt 0:00:24]} Bxg2+ {[%emt 0:00:16]} 35. Rxg2 {[%emt 0:00:03]} Qf3+ {[%emt 0:00:28]} 36. Kg1 {[%emt 0:01:17]} Rh8 {[%emt 0:02:33]} 37. Qxf6 {[%emt 0:00:49]} Qd1+ {[%emt 0:02:20]} 38. Kf2 {[%emt 0:00:27]} Qxc2+ {[%emt 0:00:27]} 39. Kg1 {[%emt 0:00:32]} Qc1+ {[%emt 0:00:29]} 40. Kf2 {[%emt 0:01:18]} Qe3+ {[%emt 0:00:42]} 41. Kf1 {[%emt 0:30:03]} Qxd3+ {[%emt 0:30:45]} 42. Re2 {[%emt 0:00:00]} Qf3+ {[%emt 0:00:00]} 43. Ke1 {[%emt 0:00:00]} Rg8 {[%emt 0:00:00]} 44. Rxe5 {[%emt 0:00:00]} Rg1+ {[%emt 0:00:00]} 45. Kd2 {[%emt 0:00:00]} Qd1# {[%emt 0:00:00]} 0-1

[Event "23rd OIBM 2019"]
[Site "Gmund am Tegernsee"]
[Date "2019.10.26"]
[Round "1.32"]
[White "Braeuer, Franz"]
[Black "Freundorfer, Josef"]
[Result "1/2-1/2"]
[WhiteElo "2429"]
[BlackElo "2111"]
[Annotator "NA RC"]
[PlyCount "101"]
[EventDate "2019.10.17"]
[EventType "swiss"]
[EventCountry "GER"]
[SourceTitle "playchess.com"]
[Source "ChessBase"]
[SourceQuality "1"]
[TimeControl "40/5400+30:1800+30"]

1. e4 {[%emt 0:02:36]} e5 {[%emt 0:00:00]} 2. Nf3 {[%emt 0:00:06]} Nc6 {[%emt 0:00:00]} 3. d4 {[%emt 0:00:30]} exd4 {[%emt 0:00:09]} 4. Nxd4 {[%emt 0:00:04]} Bc5 {[%emt 0:00:17]} 5. Nb3 {[%emt 0:00:18]} Bb6 {[%emt 0:00:49]} 6. Nc3 {[%emt 0:00:06]} Qf6 {[%emt 0:01:56]} 7. Qe2 {[%emt 0:00:52]} Nge7 {[%emt 0:06:14]} 8. h4 {[%emt 0:04:08]} h6 {[%emt 0:02:07]} 9. g4 {[%emt 0:02:49]} Nd4 {[%emt 0:11:13]} 10. Nxd4 {[%emt 0:00:11]} Bxd4 {[%emt 0:00:18]} 11. Bd2 {[%emt 0:06:29]} Qb6 {[%emt 0:03:13]} 12. O-O-O {[%emt 0:10:06]} d6 {[%emt 0:03:51]} 13. f4 {[%emt 0:05:40]} Bd7 {[%emt 0:03:55]} 14. Qf3 {[%emt 0:06:07]} O-O-O {[%emt 0:05:37]} 15. Bc4 {[%emt 0:00:08]} Rhf8 {[%emt 0:02:38]} 16. Bb3 {[%emt 0:07:34]} Bc6 {[%emt 0:02:21]} 17. Rhe1 {[%emt 0:12:46]} Kb8 {[%emt 0:06:38]} 18. Be3 {[%emt 0:03:01]} Bxe3+ {[%emt 0:00:37]} 19. Rxe3 {[%emt 0:00:02]} Rde8 {[%emt 0:07:42]} 20. Qg3 {[%emt 0:01:02]} Qc5 {[%emt 0:02:35]} 21. Red3 {[%emt 0:06:03]} a6 {[%emt 0:01:41]} 22. g5 {[%emt 0:04:28]} hxg5 {[%emt 0:01:50]} 23. hxg5 {[%emt 0:00:01]} Ng6 {[%emt 0:06:12]} 24. Bd5 {[%emt 0:00:39]} Re7 {[%emt 0:01:13]} 25. Rd4 {[%emt 0:03:52]} Bxd5 {[%emt 0:04:13]} 26. Nxd5 {[%emt 0:00:49]} Ree8 {[%emt 0:01:31]} 27. a3 {[%emt 0:01:15]} Ne7 {[%emt 0:01:18]} 28. Nc3 {[%emt 0:01:12]} Nc6 {[%emt 0:01:04]} 29. Rd5 {[%emt 0:00:21]} Qb6 {[%emt 0:01:26]} 30. Kb1 {[%emt 0:01:26]} Ne7 {[%emt 0:01:14]} 31. R5d2 {[%emt 0:01:17]} Rh8 {[%emt 0:01:19]} 32. Re2 {[%emt 0:04:17]} Qc5 {[%emt 0:02:59]} 33. Qg4 {[%emt 0:01:55]} Qc6 {[%emt 0:05:43]} 34. Ree1 {[%emt 0:06:38]} Ng6 {[%emt 0:02:53]} 35. Rh1 {[%emt 0:01:17]} Ne7 {[%emt 0:01:02]} 36. Qg2 {[%emt 0:02:34]} Ng6 {[%emt 0:01:51]} 37. Qf2 {[%emt 0:00:12]} Qd7 {[%emt 0:00:58]} 38. Rxh8 {[%emt 0:01:13]} Rxh8 {[%emt 0:00:19]} 39. e5 {[%emt 0:01:41]} Rh4 {[%emt 0:01:03]} 40. Ne2 {[%emt 0:03:36]} Qf5 {[%emt 0:05:42]} 41. exd6 {[%emt 0:01:23]} cxd6 {[%emt 0:00:34]} 42. Qb6 {[%emt 0:05:32]} Qc5 {[%emt 0:02:30]} 43. Qxc5 {[%emt 0:16:30]} dxc5 {[%emt 0:00:48]} 44. f5 {[%emt 0:00:02]} Ne5 {[%emt 0:06:59]} 45. Rd5 {[%emt 0:00:02]} Re4 {[%emt 0:00:32]} 46. Nc3 {[%emt 0:02:12]} Re1+ {[%emt 0:00:13]} 47. Ka2 {[%emt 0:00:02]} b6 {[%emt 0:00:17]} 48. Rd8+ {[%emt 0:00:46]} Kb7 {[%emt 0:02:58]} 49. Rg8 {[%emt 0:00:50]} Rf1 {[%emt 0:04:42]} 50. Rxg7 {[%emt 0:01:31]} Rxf5 {[%emt 0:00:23]} 51. b3 {[%emt 0:01:25]} 1/2-1/2

[Event "23rd OIBM 2019"]
[Site "Gmund am Tegernsee"]
[Date "2019.10.26"]
[Round "1.33"]
[White "Koch, Yannick"]
[Black "Zajogin, Alexander"]
[Result "0-1"]
[WhiteElo "2109"]
[BlackElo "2426"]
[Annotator "TA"]
[PlyCount "88"]
[EventDate "2019.10.17"]
[EventType "swiss"]
[EventCountry "GER"]
[SourceTitle "playchess.com"]
[Source "ChessBase"]
[SourceQuality "1"]

{[%evp 14,92,16,12,26,-4,-2,-4,47,58,41,-33,-20,-118,-120,-115,-107,-110,-54,-54,-50,-49,-55,-51,-57,-60,-62,-66,-58,-110,-110,-110,-109,-111,-119,-110,-115,-112,-108,-87,-87,-133,-91,-91,-38,-98,-94,-165,-149,-220,-216,-317,-303,-347,-336,-319,-220,-213,-213,-882,-880,-823,-795,-750,-741,-992,-1241,-1237,-1217,-1120,-870,-1345,-1276,-2242,-2189,-2014,-1768,-2360,-2281,-1976,-1777]} 1. d4 Nf6 2. c4 e6 3. Nc3 Bb4 4. Qc2 O-O 5. Nf3 c5 6. dxc5 Na6 7. g3 Nxc5 8. Bg2 Nfe4 {E39: Nimzo-Indian: Classical: 4...c5 5 dxc5 0-0} 9. O-O Bxc3 10. bxc3 Qa5 (10... b6 $11) (10... b6 11. Ng5 d5 12. Nxe4 dxe4 13. Bxe4 Nxe4 14. Qxe4 Ba6 15. Ba3 Re8 16. c5 {½-½ (34) Yu,Y (2738)-Rapport,R (2735) Danzhou 2019}) 11. Nd4 f5 12. Bd2 $146 (12. Be3 $14) ({Predecessor:} 12. Be3 d6 13. f3 Qxc3 14. Qxc3 Nxc3 15. Rfc1 N5a4 16. Bd2 {½-½ (61) Risting,E (2297)-Vea,O (2187) Bergen 2018}) 12... b6 $15 13. f3 (13. Nb3 $11 Qa4 14. Be3) 13... Nxd2 $17 14. Qxd2 {[#]} Ba6 $1 15. Nb3 Qa4 (15... Qa3 $17 16. Qd4 Rac8) 16. Nxc5 $15 bxc5 17. f4 Rab8 18. Rfd1 Rfd8 19. e4 fxe4 ({Much weaker is} 19... Qxc4 20. exf5 Qe2 21. fxe6 $11) 20. Bxe4 Bxc4 21. Qd6 (21. f5 $15) 21... Be2 $17 22. Re1 Qxe4 23. Qd2 Qd3 24. Rxe2 Qxd2 25. Rxd2 {[%mdl 4096] Endgame KRR-KRR} d5 26. Re1 Kf7 27. Re5 Kf6 28. Kf2 g6 ({Better is} 28... c4 $17) 29. g4 ({White should play} 29. c4 $15) 29... c4 30. Ke3 (30. h4 $17 {was necessary.}) 30... Rb1 $19 31. h4 (31. Kf2 $17) 31... Rh1 32. Rb2 (32. Re2 $142) 32... Rxh4 33. Rb7 {[%csl Ge5,Gf4][%cal Rg4g5]} h6 34. Rxa7 Rxg4 {Hoping for ...g5.} 35. Ra6 {[#]} Re8 $1 36. Kf3 $2 {[#]} (36. Rxd5 Rg3+ 37. Ke4) 36... Rxf4+ $1 {[%mdl 576] Remove Defender. Black is clearly winning.} 37. Kxf4 g5+ 38. Rxg5 hxg5+ {KR-KR} 39. Kg4 Rh8 40. a4 Rh1 41. Ra8 Rg1+ 42. Kf3 Rc1 43. a5 Rxc3+ 44. Ke2 Ke5 {Played: Rc3-a3} 0-1

[Event "23rd OIBM 2019"]
[Site "Gmund am Tegernsee"]
[Date "2019.10.26"]
[Round "1.34"]
[White "Morawietz, Dieter"]
[Black "Thiel, Fabian"]
[Result "1/2-1/2"]
[WhiteElo "2419"]
[BlackElo "2109"]
[Annotator "NA"]
[PlyCount "68"]
[EventDate "2019.10.17"]
[EventType "swiss"]
[EventCountry "GER"]
[SourceTitle "playchess.com"]
[Source "ChessBase"]
[SourceQuality "1"]
[TimeControl "40/5400+30:1800+30"]

1. d4 {[%emt 0:00:00]} Nf6 {[%emt 0:00:00]} 2. c4 {[%emt 0:00:00]} g6 {[%emt 0:00:00]} 3. Nc3 {[%emt 0:00:00]} d5 {[%emt 0:00:00]} 4. Bg5 {[%emt 0:00:11]} Ne4 {[%emt 0:00:00]} 5. Bh4 {[%emt 0:00:09]} Nxc3 {[%emt 0:00:07]} 6. bxc3 {[%emt 0:00:06]} dxc4 {[%emt 0:00:29]} 7. e3 {[%emt 0:00:31]} Be6 {[%emt 0:00:34]} 8. Be2 {[%emt 0:06:58]} Bg7 {[%emt 0:01:02]} 9. Nh3 {[%emt 0:00:21]} c6 {[%emt 0:13:36]} 10. Nf4 {[%emt 0:13:08]} Bd5 {[%emt 0:00:40]} 11. Qb1 {[%emt 0:00:35]} Qc7 {[%emt 0:07:34]} 12. O-O {[%emt 0:08:04]} O-O {[%emt 0:03:59]} 13. Bg3 {[%emt 0:03:11]} e5 {[%emt 0:09:39]} 14. dxe5 {[%emt 0:01:10]} Nd7 {[%emt 0:08:26]} 15. e4 {[%emt 0:06:27]} Be6 {[%emt 0:10:17]} 16. Nxe6 {[%emt 0:00:08]} fxe6 {[%emt 0:00:05]} 17. Bxc4 {[%emt 0:00:09]} Rae8 {[%emt 0:00:08]} 18. f4 {[%emt 0:01:50]} b5 {[%emt 0:00:02]} 19. Be2 {[%emt 0:04:42]} g5 {[%emt 0:00:06]} 20. Bh5 {[%emt 0:07:49]} Rd8 {[%emt 0:01:05]} 21. Bg4 {[%emt 0:05:14]} gxf4 {[%emt 0:10:12]} 22. Bxe6+ {[%emt 0:02:06]} Kh8 {[%emt 0:00:05]} 23. Rxf4 {[%emt 0:04:31]} Bxe5 {[%emt 0:04:26]} 24. Rg4 {[%emt 0:10:34]} Nf6 {[%emt 0:01:04]} 25. Rg5 {[%emt 0:03:14]} Qb6+ {[%emt 0:01:55]} 26. Bf2 {[%emt 0:05:27]} Bxh2+ {[%emt 0:00:22]} 27. Kxh2 {[%emt 0:00:48]} Qxf2 {[%emt 0:00:02]} 28. Qe1 {[%emt 0:06:07]} Qf4+ {[%emt 0:01:22]} 29. Qg3 {[%emt 0:00:10]} Qxg3+ {[%emt 0:00:54]} 30. Rxg3 {[%emt 0:00:06]} Nxe4 {[%emt 0:00:44]} 31. Re3 {[%emt 0:02:10]} Ng5 {[%emt 0:04:36]} 32. Bb3 {[%emt 0:04:26]} Rd2 {[%emt 0:00:57]} 33. Rd1 {[%emt 0:00:44]} Rxd1 {[%emt 0:01:35]} 34. Bxd1 {[%emt 0:00:06]} Kg7 {[%emt 0:02:06]} 1/2-1/2

[Event "23rd OIBM 2019"]
[Site "Gmund am Tegernsee"]
[Date "2019.10.26"]
[Round "1.35"]
[White "Schnicke, Robert"]
[Black "Meins, Gerlef"]
[Result "0-1"]
[WhiteElo "2108"]
[BlackElo "2415"]
[Annotator "NA"]
[PlyCount "72"]
[EventDate "2019.10.17"]
[EventType "swiss"]
[EventCountry "GER"]
[SourceTitle "playchess.com"]
[Source "ChessBase"]
[SourceQuality "1"]
[TimeControl "40/5400+30:1800+30"]

1. e4 {[%emt 0:00:00]} c5 {[%emt 0:01:08]} 2. Nf3 {[%emt 0:00:16]} Nc6 {[%emt 0:00:13]} 3. d4 {[%emt 0:00:23]} cxd4 {[%emt 0:00:07]} 4. Nxd4 {[%emt 0:00:20]} Nf6 {[%emt 0:00:10]} 5. Nc3 {[%emt 0:00:19]} d6 {[%emt 0:00:39]} 6. Bg5 {[%emt 0:02:12]} e6 {[%emt 0:00:24]} 7. h3 {[%emt 0:08:16]} Be7 {[%emt 0:06:43]} 8. Qd2 {[%emt 0:05:23]} Nxe4 {[%emt 0:23:36]} 9. Nxe4 {[%emt 0:05:21]} Bxg5 {[%emt 0:00:34]} 10. Nxg5 {[%emt 0:07:51]} Nxd4 {[%emt 0:00:40]} 11. Ne4 {[%emt 0:03:25]} Nf5 {[%emt 0:06:24]} 12. g4 {[%emt 0:08:16]} d5 {[%emt 0:01:31]} 13. gxf5 {[%emt 0:01:36]} dxe4 {[%emt 0:00:49]} 14. Qb4 {[%emt 0:10:08]} Qe7 {[%emt 0:11:51]} 15. Bb5+ {[%emt 0:01:08]} Kf8 {[%emt 0:00:33]} 16. Qd4 {[%emt 0:07:57]} exf5 {[%emt 0:05:40]} 17. Rg1 {[%emt 0:02:31]} Rg8 {[%emt 0:01:05]} 18. O-O-O {[%emt 0:01:52]} Be6 {[%emt 0:00:17]} 19. Kb1 {[%emt 0:02:23]} g6 {[%emt 0:01:38]} 20. Rg3 {[%emt 0:01:43]} a6 {[%emt 0:02:48]} 21. Be2 {[%emt 0:01:08]} Rc8 {[%emt 0:01:55]} 22. Rc3 {[%emt 0:01:06]} Rxc3 {[%emt 0:01:41]} 23. Qxc3 {[%emt 0:00:05]} f6 {[%emt 0:01:51]} 24. Bc4 {[%emt 0:01:31]} Bxc4 {[%emt 0:00:51]} 25. Qxc4 {[%emt 0:00:26]} Kg7 {[%emt 0:00:45]} 26. Qb3 {[%emt 0:02:40]} Rc8 {[%emt 0:02:07]} 27. h4 {[%emt 0:01:41]} Rc7 {[%emt 0:01:21]} 28. Qd5 {[%emt 0:02:25]} Qc5 {[%emt 0:10:35]} 29. Qxc5 {[%emt 0:02:55]} Rxc5 {[%emt 0:00:08]} 30. Rd7+ {[%emt 0:00:09]} Kh6 {[%emt 0:00:07]} 31. Rxb7 {[%emt 0:00:06]} f4 {[%emt 0:00:39]} 32. Re7 {[%emt 0:02:38]} e3 {[%emt 0:04:46]} 33. f3 {[%emt 0:00:35]} Re5 {[%emt 0:04:22]} 34. Rxe5 {[%emt 0:00:08]} fxe5 {[%emt 0:00:05]} 35. Kc1 {[%emt 0:00:10]} g5 {[%emt 0:00:13]} 36. hxg5+ {[%emt 0:00:20]} Kxg5 {[%emt 0:00:08]} 0-1

[Event "23rd OIBM 2019"]
[Site "Gmund am Tegernsee"]
[Date "2019.10.26"]
[Round "1.36"]
[White "Badelka, Olga"]
[Black "Schrems, Hermann"]
[Result "1-0"]
[WhiteElo "2413"]
[BlackElo "2108"]
[Annotator "NA"]
[PlyCount "91"]
[EventDate "2019.10.17"]
[EventType "swiss"]
[EventCountry "GER"]
[SourceTitle "playchess.com"]
[Source "ChessBase"]
[SourceQuality "1"]
[TimeControl "40/5400+30:1800+30"]

1. c4 {[%emt 0:00:00]} Nf6 {[%emt 0:00:00]} 2. Nc3 {[%emt 0:00:21]} g6 {[%emt 0:00:00]} 3. d4 {[%emt 0:00:18]} d5 {[%emt 0:00:05]} 4. Bf4 {[%emt 0:00:23]} Bg7 {[%emt 0:01:05]} 5. e3 {[%emt 0:00:06]} c5 {[%emt 0:00:16]} 6. dxc5 {[%emt 0:01:13]} Qa5 {[%emt 0:00:15]} 7. Rc1 {[%emt 0:01:59]} Ne4 {[%emt 0:01:32]} 8. Nge2 {[%emt 0:22:56]} dxc4 {[%emt 0:02:59]} 9. Qa4+ {[%emt 0:00:50]} Qxa4 {[%emt 0:03:46]} 10. Nxa4 {[%emt 0:00:04]} Nc6 {[%emt 0:03:15]} 11. Rxc4 {[%emt 0:01:40]} f5 {[%emt 0:00:16]} 12. f3 {[%emt 0:04:08]} Be6 {[%emt 0:04:03]} 13. Rc1 {[%emt 0:01:16]} Nf6 {[%emt 0:01:20]} 14. Nec3 {[%emt 0:02:07]} O-O {[%emt 0:04:10]} 15. Bb5 {[%emt 0:02:45]} Nb4 {[%emt 0:00:18]} 16. a3 {[%emt 0:05:03]} Nbd5 {[%emt 0:02:21]} 17. Nxd5 {[%emt 0:01:57]} Nxd5 {[%emt 0:00:08]} 18. Bc4 {[%emt 0:03:43]} Nxf4 {[%emt 0:00:16]} 19. exf4 {[%emt 0:00:05]} Bxc4 {[%emt 0:00:06]} 20. Rxc4 {[%emt 0:00:03]} Rfd8 {[%emt 0:00:09]} 21. Ke2 {[%emt 0:02:07]} e5 {[%emt 0:06:21]} 22. fxe5 {[%emt 0:02:04]} Bxe5 {[%emt 0:00:19]} 23. f4 {[%emt 0:01:39]} Bc7 {[%emt 0:04:37]} 24. Nc3 {[%emt 0:02:39]} Rd7 {[%emt 0:02:58]} 25. Rd1 {[%emt 0:00:48]} Re8+ {[%emt 0:00:27]} 26. Kf3 {[%emt 0:00:48]} Rxd1 {[%emt 0:01:32]} 27. Nxd1 {[%emt 0:00:04]} Kf7 {[%emt 0:00:12]} 28. Ne3 {[%emt 0:03:07]} Rd8 {[%emt 0:00:13]} 29. Ra4 {[%emt 0:00:50]} a6 {[%emt 0:04:17]} 30. Rb4 {[%emt 0:00:16]} Rb8 {[%emt 0:00:02]} 31. g3 {[%emt 0:06:50]} Ke6 {[%emt 0:00:26]} 32. h3 {[%emt 0:06:04]} Bd8 {[%emt 0:02:44]} 33. Rd4 {[%emt 0:04:04]} Be7 {[%emt 0:01:26]} 34. Rc4 {[%emt 0:02:11]} b5 {[%emt 0:03:40]} 35. Rc2 {[%emt 0:02:30]} Rd8 {[%emt 0:05:25]} 36. b4 {[%emt 0:01:32]} Rd7 {[%emt 0:00:07]} 37. g4 {[%emt 0:02:31]} Bd8 {[%emt 0:00:57]} 38. gxf5+ {[%emt 0:01:14]} gxf5 {[%emt 0:00:21]} 39. c6 {[%emt 0:01:12]} Rf7 {[%emt 0:03:49]} 40. Rc5 {[%emt 0:04:11]} Bc7 {[%emt 0:00:07]} 41. Rd5 {[%emt 0:32:10]} Bd6 {[%emt 0:32:51]} 42. Rd1 {[%emt 0:00:07]} Rc7 {[%emt 0:00:17]} 43. Nxf5 {[%emt 0:00:45]} Be5 {[%emt 0:04:42]} 44. Re1 {[%emt 0:00:40]} Kxf5 {[%emt 0:00:02]} 45. Rxe5+ {[%emt 0:00:04]} Kf6 {[%emt 0:00:11]} 46. Rc5 {[%emt 0:00:03]} 1-0

[Event "23rd OIBM 2019"]
[Site "Gmund am Tegernsee"]
[Date "2019.10.26"]
[Round "1.37"]
[White "Parvanyan, Alfred"]
[Black "Zysk, Robert"]
[Result "0-1"]
[WhiteElo "2107"]
[BlackElo "2412"]
[Annotator "TA"]
[PlyCount "94"]
[EventDate "2019.10.17"]
[EventType "swiss"]
[EventCountry "GER"]
[SourceTitle "playchess.com"]
[Source "ChessBase"]
[SourceQuality "1"]

{[%evp 9,94,12,14,0,16,-6,-5,-12,14,2,14,0,0,-10,24,10,2,10,47,0,0,0,0,-1,0,0,0,0,0,-35,-31,-78,-78,-78,-85,-77,-77,-68,-83,-75,-78,-79,-83,-153,-147,-1272,-1259,-1429,-1429,-1406,-1408,-1406,-1406,-1368,-1333,-1273,-989,-5189,-1818,-29975,-29976,-29976,-29975,-29971,-29960,-29981,-29982,-29982,-29983,-29983,-29984,-29984,-29985,-29985,-29986,-29987,-29988,-29988,-29989,-29993,-29994,-29994,-29995,-29995,-29996,-29996,-29997]} 1. Nf3 d5 2. g3 c6 3. Bg2 Bg4 4. O-O Nd7 5. d3 e6 6. h3 {A07: Réti Opening: New York and Capablanca Systems} (6. Nbd2 Bd6 7. b3 Ne7 8. Bb2 O-O 9. c4 Nb8 {½-½ (9) Malakhov,V (2662)-Dreev,A (2661) Mali Losinj 2019}) 6... Bh5 7. Qe1 Bc5 8. e4 {The position is equal.} dxe4 9. dxe4 Qc7 10. Bf4 $146 ({Predecessor:} 10. Kh1 Bxf3 11. Bxf3 h5 12. Bg2 h4 13. g4 e5 14. b4 {0-1 (65) Parkhov,Y (2407)-Deutsch,E (2342) Jerusalem 2017}) 10... e5 11. Bc1 Bxf3 12. Bxf3 Ngf6 13. Nd2 h5 14. Nb3 h4 15. Nxc5 Nxc5 {[%cal Bd7c5,Bc5e6,Be6f4][%mdl 32]} 16. Kg2 Ne6 17. Be3 O-O-O 18. c3 g5 19. Rh1 Rdg8 20. Qe2 hxg3 21. fxg3 {[#]} Nf4+ $1 {[%mdl 512]} 22. gxf4 gxf4+ {[%mdl 64] Discovered Attack} 23. Bg4+ Nxg4 24. hxg4 Rxh1 25. Rxh1 fxe3 $15 {[%mdl 4096] Endgame KQR-KQR} 26. Rh3 (26. Qf3 $142) 26... Qd7 $17 27. Qxe3 $2 {[%mdl 8192]} (27. Rh4 $17) 27... Qxg4+ $19 28. Rg3 Qxg3+ 29. Qxg3 Rxg3+ 30. Kxg3 {KP-KP} Kd7 31. Kg4 Ke7 32. Kh5 f6 33. a4 c5 34. b3 a5 {Black mates.} 35. Kh4 Ke6 36. Kg4 {[#]} f5+ $1 {[%mdl 512]} 37. exf5+ Kf6 38. Kg3 Kxf5 39. Kf3 e4+ 40. Ke3 Ke5 41. Kd2 Kf4 42. Ke2 e3 43. Ke1 Kf3 44. Kf1 e2+ 45. Ke1 Ke3 46. b4 axb4 47. cxb4 c4 {Accuracy: White = 34%, Black = 80%.} 0-1